Az agrárfejlesztési támogatások jelentősége egyes pályázatok bemutatásán keresztül

Bibliographic Details
Main Author: Balogh Brigitta
Other Authors: Harsányi Dr. Gergely
Format: Thesis
Kulcsszavak:Agrárgazdaság
Közös Agrárpolitika
erdőgazdálkodás
Online Access:http://dolgozattar.uni-bge.hu/9695

MARC

LEADER 00000nta a2200000 i 4500
001 dolg9695
005 20161219153022.0
008 161219suuuu hu om 000 hun d
040 |a BGE Dolgozattár Repozitórium  |b hun 
041 |a hu 
100 1 |a Balogh Brigitta 
245 1 3 |a Az agrárfejlesztési támogatások jelentősége egyes pályázatok bemutatásán keresztül  |c Balogh Brigitta  |h [elektronikus dokumentum] 
246 1 1 |a Az agrárfejlesztési támogatások jelentősége egyes pályázatok bemutatásán keresztül 
695 |a Agrárgazdaság 
695 |a Közös Agrárpolitika 
695 |a erdőgazdálkodás 
700 1 |a Harsányi Dr. Gergely  |e ths 
856 4 0 |u http://dolgozattar.uni-bge.hu/9695/1/Balogh%20Brigitta%20szakdolgozat.pdf  |z Dokumentum-elérés 
856 4 0 |u http://dolgozattar.uni-bge.hu/9695/2/titkositasi-kerelemjo.pdf  |z Dokumentum-elérés